00492 a2200157 4500010001400000020002600014035001300040037001500053082001300068100001800081245009400099260004400193270004700237300003100284500001900315 aENG-86224 a9788120331761c325.00 aEN-69757 bDBAD / PUB14a362.1068 aCarney, Marie1 aHealth service management :cby Marie Carneybculture, consensus and the middle manager / aNew DelhibPrentice-Hall of Indiac2007 aM-97, Connaught CircusbNew Delhie110 001 axxiii, 231p.c24cm. (Pbk) aIncludes index